| Поле | Инд. | ПП | Название | Значение |
|---|---|---|---|---|
| Тип записи | a | |||
| Библиографический уровень | m | |||
| 001 | Контрольный номер | a01b6cba-c44a-4853-8d3b-4d3d3d88d3e2 | ||
| 005 | Дата корректировки | 20140703123036.2 | ||
| 008 | Кодируемые данные | 031119 | ||
| 020 | a | ISBN | 5-8192-0122-1 | |
| c | Цена, тираж | 90.00 | ||
| 040 | a | Служба первич. каталог. | НБ ТвГУ | |
| 041 | a | Код языка текста | rus | |
| 080 | a | Индекс УДК | 174:02 | |
| 084 | a | Индекс другой классификации/Индекс ББК | Ч73п5 | |
| 090 | x | Авторский знак | Б59 | |
| a | Полочн. индекс | Ч73п5 | ||
| 245 | 10 | a | Заглавие | Библиотечная этика в странах мира |
| b | Продолж. заглавия | [Сб. кодексов] | ||
| c | Ответственность | РБА. Секция по библ. политике и законодательству; [Сост.: В. Р. Фирсов, И. А. Трушина] | ||
| 260 | 0_ | a | Место издания | СПб. |
| b | Издательство | РНБ | ||
| c | Дата издания | 2002 | ||
| 300 | a | Объем | 152 с. | |
| 583 | a | Действие | Получение впервые 272 17.11.2003 | |
| k | Исполнитель действия | РИО | ||
| 583 | a | Действие | Приписка 80 13.03.2006 | |
| k | Исполнитель действия | Дар РБА | ||
| 650 | a | Основная рубрика | Библиотеки | |
| x | Основная подрубрика | Обслуживание читателей | ||
| 650 | a | Основная рубрика | Библиотекарь | |
| x | Основная подрубрика | Этика | ||
| 653 | a | Ключевые слова | Библиотечная этика | |
| a | Ключевые слова | Библиотеки | ||
| a | Ключевые слова | Библиотечные работники | ||
| a | Ключевые слова | Этика библиотекаря | ||
| a | Ключевые слова | Законы | ||
| a | Ключевые слова | Кодексы | ||
| 700 | 1_ | a | Другие авторы | Фирсов В. Р. |
| e | Роль лиц | сост. | ||
| 700 | 1_ | a | Другие авторы | Трушина И. А. |
| e | Роль лиц | сост. | ||
| 852 | t | Порядковый номер экземпляра | 1 | |
| p | Инвентарный номер | 771231 | ||
| 852 | t | Порядковый номер экземпляра | 1 | |
| p | Инвентарный номер | 835277 52.00 | ||
| 888 | a | За счет средств университета | ||
| 930 | a | Новая/Ретро | кодексы | |
| a | Новая/Ретро | законы | ||
| 952 | p | 272.2003 90.00 1 771231 | ||
| p | 80.2006 52.00 1 835277 | |||
| c | Вид литературы | К рн | ||
| 954 | a | Дата поступления на обработку | 20031127 | |
| 999 | a | Подразделение 2 | ОМСО | |
| a | Подразделение 2 | кх. |